书目信息 |
| 题名: |
现代管理心理学
|
|
| 作者: | 林秉贤 著 | |
| 分册: | ||
| 出版信息: | 北京 中国展望出版社 1987 |
|
| 页数: | 523页 | |
| 开本: | 20cm | |
| 丛书名: | 商业大学教学与参考系列丛书 | |
| 单 册: | ||
| 中图分类: | B849:C93 | |
| 科图分类: | ||
| 主题词: | 应用心理学--管理学 | |
| 电子资源: | ||
| ISBN: | ||
| 000 | 00724nam2 2200253 45 | |
| 001 | 0187001201 | |
| 005 | 20060404154057.50 | |
| 010 | @b塑装@dCNY3.65 | |
| 091 | @a17271.017 | |
| 100 | @a19901031d1987 em y0chiy0121 ea | |
| 101 | 0 | @achi |
| 102 | @aCN@b110000 | |
| 105 | @ay z 000yy | |
| 200 | 10 | @a现代管理心理学@Axian dai guan li xin li xue@f林秉贤著@FLin Bing Xian Zhu |
| 210 | @a北京@c中国展望出版社@d1987 | |
| 215 | @a523页@d20cm | |
| 225 | 2 | @a商业大学教学与参考系列丛书 |
| 410 | 0 | @120010@a商业大学教学与参考系列丛书 |
| 606 | 0 | @a应用心理学@x管理学 |
| 690 | @aB849:C93@v3 | |
| 701 | 0 | @a林秉贤@4著 |
| 801 | 2 | @aCN@bNLC@c20060404 |
| 801 | 0 | @aCN@b深圳图书馆@c20040427 |
| 905 | @dB849:C93@e184@f1@b201848 | |
| 现代管理心理学/林秉贤著.-北京:中国展望出版社,1987 |
| 523页;20cm.-(商业大学教学与参考系列丛书) |
| ISBN (塑装):CNY3.65 |
| ● |
| 相关链接 |
|
|
|
|
正题名:现代管理心理学
索取号:B849:C93/184
 
预约/预借
| 序号 | 登录号 | 条形码 | 馆藏地/架位号 | 状态 | 备注 |
| 1 | 0201846 | 001697925 | 密集书库/ [索取号:B849:C93/184] | 在馆 | |
| 2 | 0201847 | 000513304 | 密集书库/ [索取号:B849:C93/184] | 在馆 | |
| 3 | 0201848 | 002039715 | 第一样本阅览室/ [索取号:B849:C93/184] | 在馆 |